|
|
|
|
| LEADER |
01567nam a2200325 a 4500 |
| 001 |
3100183 |
| 005 |
20090618180105.0 |
| 008 |
100502s1997 bg a b i001 0 eng |
| 010 |
|
|
|a 98900027
|
| 020 |
|
|
|a 9845510906
|
| 040 |
|
|
|a DLC
|c DLC
|d DLC
|d DB-DhAAL
|
| 082 |
0 |
0 |
|a 363.9/6/095492
|2 21
|
| 245 |
0 |
0 |
|a Improving the Bangladesh health and family planning programme :
|b lessons learned through operations research /
|c editors, Barkat-e-Khuda, Thomas T. Kane, James F. Phillips
|
| 260 |
|
|
|a Dhaka, Bangladesh :
|b International Centre for Diarrhoeal Disease Research, Bangladesh,
|c 1997.
|
| 300 |
|
|
|a xix, 169 p. :
|b ill. (some col.) ;
|c 27 cm.
|
| 490 |
|
0 |
|a ICDDR,B monograph ;
|v no. 5
|
| 500 |
|
|
|a "MCH-FP Extension Project (Rural), Health and Population Extension Division, Centre for Health and Population Research, ICDDR,B."
|
| 500 |
|
|
|a Appendix, 1 (p. 135-166): Project publications and reports.
|
| 504 |
|
|
|a Includes bibliographical references and index.
|
| 541 |
1 |
|
|e 00007577
|
| 650 |
|
0 |
|a Family planning
|z Bangladesh.
|
| 650 |
|
0 |
|a Health facilities
|z Bangladesh.
|
| 700 |
0 |
|
|a Barkat-e-Khuda.
|
| 700 |
1 |
|
|a Kane, Thomas T.,
|d 1951-
|
| 700 |
1 |
|
|a Phillips, James F.
|
| 710 |
2 |
|
|a MCH-FP Extension Project (Rural) (Bangladesh)
|
| 710 |
2 |
|
|a International Centre for Diarrhoeal Disease Research, Bangladesh.
|
| 852 |
4 |
|
|a Ayesha Abed Library
|j General Shelf.
|
| 999 |
|
|
|c 8347
|d 8347
|
| 952 |
|
|
|0 0
|1 0
|2 ddc
|4 0
|6 363_960954920000000_IMP_1997
|7 0
|9 9653
|a BRACUL
|b BRACUL
|c GEN
|d 2010-05-02
|l 1
|o 363.96095492 IMP
|p 3010007577
|r 2010-05-26
|s 2010-05-18
|t 1
|w 2010-05-02
|y BK
|